000 00588nam a22001697a 4500
005 20251108171013.0
008 250721s1981 xx 000 0 ara d
082 1 4 _a361/احم
100 1 _aالصاوي، أحمد فوزي
245 1 0 _aالخدمة الإجتماعية و قضايا التنمية الإجتماعية في البلدان النامية /
264 1 _aالرياض :
_bدار اللواء،
_c1981.
300 _a125ص
650 1 7 _aالخدمات الإجتماعية
700 1 _aعجوبة، مختار إبراهيم
942 _2ddc
_cBK
999 _c54127
_d54127